<The> ABCs of RBCs <an> introduction to dynamic macroeconomic models
Gespeichert in:
| 1. Verfasser: | |
|---|---|
| Format: | Buch |
| Sprache: | Englisch |
| Veröffentlicht: |
Cambridge
Harvard University Press
2008
|
| Schlagworte: | |
| Tags: |
Keine Tags, Fügen Sie das erste Tag hinzu!
|
MARC
| LEADER | 00000nam a2200000 4500 | ||
|---|---|---|---|
| 001 | 0161531 | ||
| 005 | 20240312115346.7 | ||
| 041 | 0 | |a eng | |
| 044 | |a GB | ||
| 245 | 1 | 0 | |a <The> ABCs of RBCs |b <an> introduction to dynamic macroeconomic models |c George McCandless |
| 264 | 1 | |a Cambridge |b Harvard University Press |c 2008 | |
| 300 | |a xiv, 421 s. | ||
| 610 | 2 | 0 | |a modely makroekonomické |
| 610 | 2 | 0 | |a modely dynamické |
| 610 | 2 | 0 | |a modely ekonometrické |
| 610 | 2 | 0 | |a keynesizmus |
| 610 | 2 | 0 | |a cykly podnikateľské |
| 610 | 2 | 0 | |a trh finančný |
| 610 | 2 | 0 | |a politika menová |
| 100 | 1 | |a McCandless, George | |